000
00290nam a2200097Ia 4500
008
220204s9999 xx 000 0 und d
082
_a
NR:063 1972
_b
RUB
245
0
_a
Rubber board staff association 12th annual conference: Souvenir 1972
260
_a
Kottayam
_b
Rubber Board
_c
1972
942
_c
BK
999
_c
21932
_d
21932